Daytona 500 Trivia - Statistics

General Stats
  • This quiz has been taken 19 times
  • The average score is 10 of 14
Answer Stats
Question Answer % Correct
What driver has won the most Daytona 500s? Richard Petty
94%
Which of these father-son duos won the Daytona 500? Dale Sr. and Dale Jr.
83%
What was the father track of Daytona International Speedway? Daytona Beach Roadcourse
83%
What is considered Daytona's sister track? Talladega
83%
Who was the last driver to win the Daytona 500 and the Championship in the same season? Jimmie Johnson
72%
In 1960, which of these drivers discovered "drafting?" Junior Johnson
72%
The first Daytona 500 was held in what year? 1959
67%
How many drivers have won back-to-back Daytona 500s? 5
67%
The winner of the Daytona 500 gets to keep a small version of what trophy? Harley J Earl Trophy
67%
How many foreign drivers have won the Daytona 500? 1
61%
Who won the first Daytona 500? Lee Petty
61%
Which of these teams won the most Daytona 500s? Hendrick Motorsports
56%
What foreign driver(s) won the Daytona 500? Mario Andretti
50%
Which of these drivers was involved in a near-fatal crash in 2015? Austin Dillon
39%
No matching quizzes found
Score Distribution
Percent of People with Each Score
Percentile by Number Answered
Your Score History
You have not taken this quiz